• 首页
  • 本馆介绍
  • 公告通知
  • 最新文献
  • 馆藏检索
  • 电子资源
  • 读者导购
  • 参考咨询
  • 我的图书馆
  • 登录
  • 详细信息显示
  • 放入我的书架
  • 预约/预借图书
  • 作者相关作品
  • 分类相关作品
  • 丛书相关作品
  • 出版社相关作品

书目信息

  • 表格格式
  • 工作单格式
  • 卡片格式
题名:
中国高等教育名录
    
 
作者: ;全国高等学校学生信息咨询与就业指导中心 主编
分册:  
出版信息: 北京   中国统计出版社  2004
页数: 491页
开本: 29cm
丛书名:
单 册:
中图分类: G649.28
科图分类:
主题词: 教育--各级
电子资源:
ISBN: 7-5037-3458-2
000 00758nam0 2200193 450
001 0654204562
005 20061029150906.84
010    @a7-5037-3458-2@dCNY380.00
100    @a20061029d2004 km y0chiy0120 ea
101 0  @achi
102    @aCN@b110000
200 1  @a中国高等教育名录@Azhong guo gao deng jiao yu ming lu@f全国高等学校学生信息咨询与就业指导中心主编@Fquan guo gao deng xue xiao xue sheng xin xi zi xun yu jiu ye zhi dao zhong xin zhu bian
210    @a北京@c中国统计出版社@d2004
215    @a491页@d29cm
606 0  @a教育@x各级
690    @aG649.28@v3
711  0 @a全国高等学校学生信息咨询与就业指导中心@Aquan guo gao deng xue xiao xue sheng xin xi zi xun yu jiu ye zhi dao zhong xin@4主编
801  0 @aCN@bPFT@c20061029
905    @a10447@dG649.28@e239
    
    中国高等教育名录/全国高等学校学生信息咨询与就业指导中心主编.-北京:中国统计出版社,2004
    491页;29cm
    
    
    ISBN 7-5037-3458-2:CNY380.00
    
●
相关链接 在E读中查询图书 在五车中查询图书 在当当中查询图书 在豆瓣中查询图书


正题名:中国高等教育名录     索取号:G649.28/239         预约/预借

序号 登录号 条形码 馆藏地/架位号 状态 备注
1 0388495   203884957   第一样本阅览室/ [索取号:G649.28/239] 在馆    
2 0388499   203884993   工具书阅览室/ [索取号:G649.28/239] 在馆    
唐山师范学院图书馆 欢迎您!
大连网信软件有限公司© 版权所有